Normal view
MARC view
- الصمادي،محمد وائل محمد
Entry Personal Name
001 - CONTROL NUMBER
- control field: 66468
003 - CONTROL NUMBER IDENTIFIER
- control field: JO-AjAnu
005 - DATE AND TIME OF LATEST TRANSACTION
- control field: 20250308112808.0
008 - FIXED-LENGTH DATA ELEMENTS
- fixed length control field: 250308|| aca||aabn | a|a d
040 ## - CATALOGING SOURCE
- Original cataloging agency: JO-AjAnu
100 ## - HEADING--PERSONAL NAME
- Personal name: الصمادي،محمد وائل محمد
- Relator term: معد